000 01465nam a2200301Ia 4500
999 _c53816
_d53816
001 20867
003 GE_BSU
005 20210525175225.0
008 181216s ||||ge |||||||||||||| ||geo||
020 _a9789941059643
040 _cGE_BSU
041 _aGeo
080 _a159.923+316.2 ფ-95
100 _aფროიდი, ზიგმუნდ
_911892
245 _aმასების ფსიქოლოგია და მე - ს ანალიზი /
_cზიგმუნდ ფროიდი ; მთარგმნ. : ნინა თურმანიძე, ლაშა ბულია ; რედ. თამაზ თურმანიძე.
264 _aთბილისი :
_bგეო,
_c2013.
300 _a119 გვ. ;
_c20 სმ.
500 _aდამატება გვ. 103-117
504 _aბიბლიოგრაფია ტექსტის შენიშვნებში
541 _h6ლ.79თ.
653 _aმასების ფსიქოლოგია და მე - ს ანალიზი
653 _aსოციოლოგია
653 _aფსიქოლოგია
700 _aთურმანიძე, ნინა
_eმთარგმნელი
_911863
700 _aბულია, ლაშა
_eმთარგმნელი
_911893
700 _aთურმანიძე, თამაზ
_eრედაქტორი
_911865
942 _cBK
_2udc